000 00803cam a22002531 4500
999 _c128727
_d128727
001 8785364
003 ARRUPE
005 20190108095925.0
008 770706s1940 enkab 001 0 eng c
010 _aa 41001326
035 _a(OCoLC)3094654
040 _aHarvard Univ. Library
_cNcU
_dOCoLC
_dDLC
042 _apremarc
050 0 0 _aSPC. DA90
_b.C53 1940
100 1 _aClark, Grahame,
_d1907-1995.
_943827
245 1 0 _aPrehistoric England.
_cGrahame Clark
260 _aLondon,
_bBatsford
_c[1940]
300 _aviii, 120 p.
_billus., map (on lining papers)
_c22 cm.
440 5 _aThe "British heritage series"
_943828
651 0 _aEngland
_xAntiquities.
_943829
651 0 _aWales
_xAntiquities.
_943830
906 _a7
_bcbc
_coclcrpl
_du
_encip
_f19
_gy-gencatlg
942 _2lcc
_cMONOGRAPH